• 首页
  • 本馆介绍
  • 公告通知
  • 最新文献
  • 馆藏检索
  • 电子资源
  • 读者导购
  • 参考咨询
  • 我的图书馆
  • 登录
  • 详细信息显示
  • 放入我的书架
  • 预约/预借图书
  • 作者相关作品
  • 分类相关作品
  • 丛书相关作品
  • 出版社相关作品

书目信息

  • 表格格式
  • 工作单格式
  • 卡片格式
题名:
中国脊疗
    
 
作者: 田学主 主编
分册:  
出版信息: 呼和浩特   远方出版社  2003
页数: 152页
开本: 20cm
丛书名: 自然疗法首席专家讲座系列
单 册:
中图分类: R274.915
科图分类:
主题词: 脊椎病--ji zhui bing--按摩疗法(中医)
电子资源:
ISBN: 7-80595-844-0
000 00996nam2 2200265 450
001 0123456174109
005 20070730143929.39
010    @a7-80595-844-0@dCNY24.80
016    @aCN-A23-03-0034-0@b光盘
100    @a20040922d2003 em y0chiy0121 ea
101 0  @achi
102    @aCN@b150000
105    @aa z 000yy
200 1  @a中国脊疗@Azhong guo ji liao@f主编 田学主
210    @a呼和浩特@c远方出版社@d2003
215    @a152页@c图@d20cm@e光盘1片, 挂图1张
225 2  @a自然疗法首席专家讲座系列@Azi ran liao fa shou xi zhuan jia jiang zuo xi lie
306    @a封面、题名页出版社题: 中国科学文化音像出版社, 远方出版社
330    @a本书结合中医理论, 结合多幅图示, 深入浅出地讲解了脊柱疗法的相关理论、按摩手法的基础知识, 详细介绍了脊柱、骨盆错位等的非手术治疗等。
410  0 @12001 @a自然疗法首席专家讲座系列
606 0  @a脊椎病@Aji zhui bing@x按摩疗法(中医)
690    @aR274.915@v4
701  0 @a田学主@Atian xue zhu@4主编
801  0 @aCN@bWHC@c20070730
905    @a10447@dR274.915@e228
    
    中国脊疗/主编 田学主.-呼和浩特:远方出版社,2003
    152页:图;20cm+光盘1片, 挂图1张.-(自然疗法首席专家讲座系列)
    
    
    ISBN 7-80595-844-0:CNY24.80
    本书结合中医理论, 结合多幅图示, 深入浅出地讲解了脊柱疗法的相关理论、按摩手法的基础知识, 详细介绍了脊柱、骨盆错位等的非手术治疗等。
●
相关链接 在E读中查询图书 在五车中查询图书 在当当中查询图书 在豆瓣中查询图书


正题名:中国脊疗     索取号:R274.915/228         预约/预借

序号 登录号 条形码 馆藏地/架位号 状态 备注
1 0789015   207890157   第二样本阅览室/ [索取号:R274.915/228] 在馆    
2 0789016   207890166   第三借阅区/ [索取号:R274.915/228] 在馆    
3 0789017   207890175   第三借阅区/ [索取号:R274.915/228] 在馆    
4 0789018   207890184   第三借阅区/ [索取号:R274.915/228] 在馆    
5 0789019   207890193   第三借阅区/ [索取号:R274.915/228] 在馆    
唐山师范学院图书馆 欢迎您!
大连网信软件有限公司© 版权所有